রোহিঙ্গা সমস্যা ও বাংলাদেশ / (Record no. 74269)
[ view plain ]
| 000 -LEADER | |
|---|---|
| fixed length control field | 01207nam a2200277 a 4500 |
| 001 - CONTROL NUMBER | |
| control field | 74269 |
| 003 - CONTROL NUMBER IDENTIFIER | |
| rucl marc code | BD-RjUL |
| 005 - DATE AND TIME OF LATEST TRANSACTION | |
| control field | 20211209082528.0 |
| 008 - FIXED-LENGTH DATA ELEMENTS--GENERAL INFORMATION | |
| fixed length control field | 180508b b|||| |b|| 00| 0 ben d |
| 020 ## - INTERNATIONAL STANDARD BOOK NUMBER | |
| International Standard Book Number | 9789849343844 |
| Terms of availability | Tk.450.00 |
| 035 ## - SYSTEM CONTROL NUMBER | |
| System control number | (BD-RjUL)74487 |
| 040 ## - CATALOGING SOURCE | |
| Original cataloging agency | BD-RjUL |
| Language of cataloging | eng |
| Transcribing agency | BD-RjUL |
| 041 ## - LANGUAGE CODE | |
| Language code of text/sound track or separate title | ben |
| 082 ## - DEWEY DECIMAL CLASSIFICATION NUMBER | |
| Edition number | 23 |
| Classification number | 362.87095492 |
| Author mark and year | AKR 2018 |
| 100 1# - MAIN ENTRY--PERSONAL NAME | |
| Personal name | আখন্দ, মাহফুজুর রহমান |
| 9 (RLIN) | 221364 |
| 245 10 - TITLE STATEMENT | |
| Title | রোহিঙ্গা সমস্যা ও বাংলাদেশ / |
| Statement of responsibility, etc. | মাহফুজুর রহমান আখন্দ, |
| 300 ## - PHYSICAL DESCRIPTION | |
| Pagination | ৩১২ পৃ. : |
| Illustrations | চি্ত্র ; |
| Size | ২২ সেমি. |
| 504 ## - BIBLIOGRAPHY, ETC. NOTE | |
| Bibliography, etc | গ্রন্থপঞ্জি সংযোজিত |
| 650 ## - SUBJECT ADDED ENTRY--TOPICAL TERM | |
| Topical term or geographic name as entry element | রোহিঙ্গা (বার্মিজ লোকজন ) |
| Geographic subdivision | বাংলাদেশ |
| 9 (RLIN) | 221365 |
| Topical term or geographic name as entry element | Rohingya (Burmese people) |
| Geographic subdivision | Bangladesh. |
| 9 (RLIN) | 221366 |
| Topical term or geographic name as entry element | রোহিঙ্গা (বার্মিজ লোকজন ) |
| 9 (RLIN) | 221367 |
| Topical term or geographic name as entry element | Rohingya (Burmese people) |
| 9 (RLIN) | 221368 |
| Topical term or geographic name as entry element | শরণার্থী |
| Geographic subdivision | বাংলাদেশ |
| 9 (RLIN) | 119983 |
| Topical term or geographic name as entry element | Refugees |
| Geographic subdivision | Bangladesh. |
| 9 (RLIN) | 221371 |
| 942 ## - ADDED ENTRY ELEMENTS (KOHA) | |
| Source of classification or shelving scheme | Dewey Decimal Classification |
| Koha item type | Books |
| Lost status | Source of classification or shelving scheme | Damaged status | Not for loan | Collection code | Permanent Location | Current Location | Shelving location | Date acquired | Source of acquisition | Cost, normal purchase price | Total Checkouts | Full call number | Date last seen | Copy number | Koha item type | Total Renewals | Date checked out |
|---|---|---|---|---|---|---|---|---|---|---|---|---|---|---|---|---|---|
| Dewey Decimal Classification | Not For Loan | Non-fiction | Central Library, University of Rajshahi | Central Library, University of Rajshahi | Reading Room | 23/04/2018 | Author | 450.00 | B 362.87095492 AKR 2018 | 08/05/2018 | C-1 | Books | |||||
| Dewey Decimal Classification | Non-fiction | Central Library, University of Rajshahi | Central Library, University of Rajshahi | 23/04/2018 | Author | 450.00 | 2 | B 362.87095492 AKR 2018 | 05/11/2025 | C-2 | Books | 1 | 21/10/2025 | ||||
| Dewey Decimal Classification | Non-fiction | Central Library, University of Rajshahi | Central Library, University of Rajshahi | 23/04/2018 | Author | 450.00 | 1 | B 362.87095492 AKR 2018 | 10/10/2018 | C-3 | Books | 24/09/2018 | |||||
| Dewey Decimal Classification | Non-fiction | Central Library, University of Rajshahi | Central Library, University of Rajshahi | 23/04/2018 | Author | 450.00 | B 362.87095492 AKR 2018 | 08/05/2018 | C-4 | Books | |||||||
| Dewey Decimal Classification | Non-fiction | Central Library, University of Rajshahi | Central Library, University of Rajshahi | 23/04/2018 | Author | 450.00 | 2 | B 362.87095492 AKR 2018 | 23/06/2025 | C-5 | Books | 1 | 20/05/2025 |